Snatak Mahalar Bharatiya Sikshar Bikash (Record no. 54657)
[ view plain ]
| 000 -LEADER | |
|---|---|
| fixed length control field | 00606nam a2200205Ia 4500 |
| 001 - CONTROL NUMBER | |
| control field | 54703 |
| 008 - FIXED-LENGTH DATA ELEMENTS--GENERAL INFORMATION | |
| fixed length control field | 080102n ii |||gr||||Z||||||asm |
| 020 ## - INTERNATIONAL STANDARD BOOK NUMBER | |
| International Standard Book Number | 81-7680-002-3 |
| 082 ## - DEWEY DECIMAL CLASSIFICATION NUMBER | |
| Classification number | 370 |
| 100 ## - MAIN ENTRY--PERSONAL NAME | |
| Personal name | Das (Sarmah), P. |
| 245 #0 - TITLE STATEMENT | |
| Title | Snatak Mahalar Bharatiya Sikshar Bikash |
| Statement of responsibility, etc. | P Das (Sarmah) &Others |
| Medium | Textual Documents |
| 250 ## - EDITION STATEMENT | |
| Edition statement | First-2012. |
| 260 ## - PUBLICATION, DISTRIBUTION, ETC. | |
| Place of publication, distribution, etc. | Guwahati: |
| Name of publisher, distributor, etc. | Santi Prakashan. |
| 300 ## - PHYSICAL DESCRIPTION | |
| Extent | 240pg: |
| Dimensions | 30cm. |
| 500 ## - GENERAL NOTE | |
| General note | Two Books Gifted by Dr. Phunu Das Sarmah |
| 653 ## - INDEX TERM--UNCONTROLLED | |
| Uncontrolled term | Bharatiya Sikshar Bikash |
| 653 ## - INDEX TERM--UNCONTROLLED | |
| Uncontrolled term | G-Education |
| 653 ## - INDEX TERM--UNCONTROLLED | |
| Uncontrolled term | Development of Indian Education |
| 942 ## - ADDED ENTRY ELEMENTS (KOHA) | |
| Source of classification or shelving scheme | Dewey Decimal Classification |
| Koha item type | Books |
| Withdrawn status | Lost status | Damaged status | Not for loan | Collection | Home library | Current library | Shelving location | Date acquired | Coded location qualifier | Cost, normal purchase price | Total checkouts | Full call number | Barcode | Date last seen | Copy number | Price effective from | Koha item type |
|---|---|---|---|---|---|---|---|---|---|---|---|---|---|---|---|---|---|
| Dr. Suryya Kumar Bhuyan Library | Dr. Suryya Kumar Bhuyan Library | 02/01/2008 | 00000 | 175.00 | 370 Da26 De | 2802/Gift-2 | 14/01/2024 | 2 | 02/01/2008 | Books | |||||||
| Dr. Suryya Kumar Bhuyan Library | Dr. Suryya Kumar Bhuyan Library | 02/01/2008 | 00000 | 175.00 | 370 Da 26 De | 2802/Gift-1 | 14/01/2024 | 1 | 02/01/2008 | Books |
